Associe le footballeur au bon pays ! #3 - Statistiques

Statistiques générales
  • Ce quiz a été pris 163 fois
  • Le résultat moyen est 13 sur 15
Statistiques - réponses
Hint Réponse % Correct
Han Kwang-song Corée du Nord
99%
Gareth Bale Pays de Galles
98%
Cristiano Ronaldo Portugal
98%
Fabián Ruiz Espagne
94%
Nicolás Otamendi Argentine
91%
Jonathan David Canada
91%
Arturo Vidal Chili
90%
Çağlar Söyüncü Turquie
89%
Bafétimbi Gomis France
86%
Mathew Ryan Australie
85%
Zuriko Davitashvili Géorgie
84%
Victor Lindelöf Suède
84%
Andrea Cambiaso Italie
83%
Grzegorz Krychowiak Pologne
81%
Patrik Schick République Tchèque
81%
Aucun quiz correspondant
Distribution des résultats
% des personnes avec chaque résultat
Percentile par nombre de réponses
Votre historique - résultats
Vous n’avez pas pris ce quiz